The global transformations reader : an introduction to the globalization debate / edited by David Held and Anthony McGrew
Record details
- ISBN: 0-7456-3135-5
- Physical Description: xviii, 602 s. ; 25 cm
- Edition: 2nd ed.
- Publisher: Cambridge : Polity, 2003
Content descriptions
| Bibliography, etc. Note: | Obsahuje bibliografie a rejstřík |
Search for related items by subject
| Subject: | globální problémy mezinárodní vztahy globalizace Globalization International relations |
| Genre: | studie sborníky |
Available copies
- 1 of 1 copy available at Common Catalog SPOK.
Holds
- 0 current holds with 1 total copy.
Show Only Available Copies
| Location | Call Number / Copy Notes | Barcode | Shelving Location | Status | Due Date |
|---|---|---|---|---|---|
| Varianty | Cho Gl | 4605401699 | Šafaříkova 17 - 5. patro, chodba | Available | - |
| LDR | 01300cam a2200385 a 4500 | ||
|---|---|---|---|
| 001 | 32152 | ||
| 003 | CZ-PrJAB | ||
| 005 | 20190622093613.0 | ||
| 007 | tu | ||
| 008 | 040108s2003 xxk e 001 0 eng | ||
| 020 | . | ‡a0-7456-3135-5 ‡q(brož.) ‡z0-7456-3134-7 | |
| 035 | . | ‡a(CZ PrNK)zpk20041291021 | |
| 035 | . | ‡a(OCoLC)50859025 | |
| 040 | . | ‡cOCLC ‡bcze ‡dABA001 | |
| 072 | 7. | ‡a316.3 ‡xGlobální společnosti. Sociální struktura. Sociální skupiny ‡2Konspekt ‡918 | |
| 080 | . | ‡a316.422 ‡2MRF | |
| 080 | . | ‡a316.423 ‡2MRF | |
| 080 | . | ‡a327 ‡2MRF | |
| 080 | . | ‡a(048.8) ‡2MRF | |
| 080 | . | ‡a(082) ‡2MRF | |
| 245 | 0 | 4. | ‡aThe global transformations reader : ‡ban introduction to the globalization debate / ‡cedited by David Held and Anthony McGrew |
| 250 | . | ‡a2nd ed. | |
| 260 | . | ‡aCambridge : ‡bPolity, ‡c2003 | |
| 300 | . | ‡axviii, 602 s. ; ‡c25 cm | |
| 504 | . | ‡aObsahuje bibliografie a rejstřík | |
| 650 | 0 | 7. | ‡aglobální problémy ‡7ph114633 ‡2czenas |
| 650 | 0 | 7. | ‡amezinárodní vztahy ‡7ph137626 ‡2czenas |
| 650 | 0 | 7. | ‡aglobalizace ‡7ph120568 ‡2czenas |
| 650 | 0 | 9. | ‡aGlobalization ‡2eczenas |
| 650 | 0 | 9. | ‡aInternational relations ‡2eczenas |
| 655 | 7. | ‡astudie ‡7fd133597 ‡2czenas | |
| 655 | 7. | ‡asborníky ‡7fd163935 ‡2czenas | |
| 700 | 1 | . | ‡aMcGrew, Anthony G. ‡4edt |
| 700 | 1 | . | ‡aHeld, David, ‡d1951- ‡7xx0044234 ‡4edt |
| 910 | . | ‡aABH006 | |
| 901 | . | ‡a32152 ‡b ‡c32152 ‡tbiblio | |